Macmillan dictionary of information technology (Record no. 637)

MARC details
000 -LEADER
fixed length control field 00413nam a2200157Ia 4500
020 ## - INTERNATIONAL STANDARD BOOK NUMBER
ISBN 0-333-37261-1
082 ## - DEWEY DECIMAL CLASSIFICATION NUMBER
Classification number RR 004.03 MAC-
100 ## - MAIN ENTRY--AUTHOR NAME
Personal name Longley, Dennis
245 #0 - TITLE STATEMENT
Title Macmillan dictionary of information technology
250 ## - EDITION STATEMENT
Edition statement 2nd
260 ## - PUBLICATION, DISTRIBUTION, ETC. (IMPRINT)
Place of publication London
Name of publisher Macmillan
Year of publication 1985
300 ## - PHYSICAL DESCRIPTION
Number of Pages 380p.
650 ## - SUBJECT ADDED ENTRY--TOPICAL TERM
Topical Term Information storage and retrieval systems - Dictionaries
700 ## - ADDED ENTRY--PERSONAL NAME
Personal name Shain, Michael
942 ## - ADDED ENTRY ELEMENTS (KOHA)
Koha item type Books
Holdings
Withdrawn status Lost status Damaged status Not for loan Home library Current library Date acquired Bill Date Full call number Accession Number Price effective from Koha item type
        NASSDOC Library NASSDOC Library 08/06/2004 2004-10-22 RR 004.03 MAC- 21304 18/04/2019 Books